000 01062nam a22003257a 4500
001 0024640
003 KOHA_MİRAKIL
005 20260207002445.0
007 ta
008 101122b2008 us |||gr||||#||||0|eng |
020 _a0132061155
040 _aTR-BiSEU
_btur
_cTR-BiSEU
_erda
041 0 _aeng
044 _cus
050 _aQA371
_b.E33 2008
100 1 _aEdwards, C. Henry. .
245 1 _aElementary differential equations with boundary value problems: computing and modeling/
_cC. Henry. Edwards ; C. Henry Edwards, David E. Penney.
250 _a6. bs.
264 1 _aUpper Saddle River, NJ :
_bPearson Prentice Hall
_c2008
300 _axi, 804 sayfa: resimli; 26 cm.
336 _ametin
_btxt
_2rdacontent
337 _aaracısız
_bn
_2rdamedia
338 _acilt
_bnc
_2rdacarrier
490 0 _aPearson International Edition
500 _aKaynakça ve dizin var.
650 0 _aDifferential equations.
_91690
650 0 _aBoundary value problems.
_919139
830 0 _aPearson International Edition
_950162
942 _2lcc
_cBK
999 _c24591
_d24591